Score 0/22 Timer 03:00
11 Plays Today
Song Missing Word % Correct
Say ____ to ThisNo
97%
What ____ Next?Comes
96.5%
____ TheodosiaDear
96.2%
One ____ TimeLast
96%
Stay ____Alive
95.8%
____ and ShipsGuns
95.8%
The Room Where It ____Happens
95.5%
____ Hand ManRight
95.2%
A Winter's ____Ball
94.5%
Yorktown (The World Turned ____ Down)Upside
94.5%
It's ____ UptownQuiet
94.4%
Song Missing Word % Correct
Meet Me ____Inside
93.7%
____ Be BackYou'll
93.2%
What'd I ____Miss
93%
I ____ HimKnow
92.1%
____ RefutedFarmer
90.4%
The Story of ____Tonight
90%
Your ____ ServantObedient
89.8%
The ____ of 1800Election
89.6%
The Reynolds ____Pamphlet
88.4%
The ____ SistersSchuyler
87.7%
____ on Your SideWashington
85.9%

Today's Daily Dose

Remove Ads.
Support Sporcle.
Get the best of Sporcle when you Go Orange. This ad-free experience offers more features, more stats, and more fun while also helping to support Sporcle. Thank you for becoming a member.

You're not logged in!

Compare scores with friends on all Sporcle quizzes.
OR
Log In

Show Comments

Extras

Top Quizzes Today


Score Distribution

Your Account Isn't Verified!

In order to create a playlist on Sporcle, you need to verify the email address you used during registration. Go to your Sporcle Settings to finish the process.

Report this User

Report this user for behavior that violates our Community Guidelines.

Details: